000 00417nam a2200157Ia 4500
008 231217s9999 xx 000 0 und d
020 _a81-297-0639-3
041 _aEnglish
082 _a001.424 NAT
100 _aNatarajan, A M Balasubramani, P Tamilarasi, A
245 0 _aOperations research
260 _c2005
_bPearson Education
_aDelhi
300 _avii+738
650 _aOperations,research
942 _cAA
999 _c177014
_d177014